Title in the Lyrics -- Iconic Songs - Statistics

General Stats
  • This quiz has been taken 350 times
  • The average score is 8 of 15
Answer Stats
Lyrics Title % Correct
Hey I just met you / And this is crazy / But here's my number / So ____ __ _____ Call Me Maybe
96%
Bye, bye Miss ________ ___ / Drove my Chevy to the levee but the levee was dry American Pie
85%
You got mud on your face / You big disgrace / Kickin' your can all over the place / Singin' / We will __ ____ ____ ___ We Will Rock You
80%
_ ______ _ ____ and I liked it / The taste of her cherry chapstick I Kissed a Girl
78%
Hey now, you're an ___ ____, get your game on, go play All Star
70%
____ ____ ________ / Hold on to that feelin' / Streetlight people Don't Stop Believin'
61%
Op, op, op, op / Oppa _______ _____ Gangnam Style
58%
Welcome to the _____ __________ / Such a lovely place (Such a lovely place) / Such a lovely face Hotel California
52%
If you're having girl problems I feel bad for you son / I got __ ________ 99 Problems
47%
______ ___ has got it goin' on / She's all I want, and I've waited for so long Stacy's Mom
37%
Like ____, ____, ____, no / Like ____, ____, ____, oh / I thought you'd always be mine (mine) Baby
31%
_____ ________ / Good times never seemed so good Sweet Caroline
31%
'Cause this is ________, ________ night / And no one's gonna save you from the beast about to strike Thriller
29%
Tell 'em to shake it! (Shake it!) Shake it! (Shake it!) / Shake that healthy butt / ____ ___ ____ Baby Got Back
25%
_____ __ ___ __ ______ / Teach me-_____ __ ___ __ ______ / Errbody love me / Err-errbody love me Teach Me How to Dougie
21%
No matching quizzes found
Score Distribution
Percent of People with Each Score
Percentile by Number Answered
Your Score History
You have not taken this quiz